00414cam a2200157ua 45000010005000000080039000050400009000440820013000531000027000662450050000932500009001432600030001523000016001826530024001986530034002223678111129n ii |||gr||||Z||||||asm cMAIN a891.4514 aSharma, Atul,eAuthor.11aAsomiya sahitya aru sanskriticby Atul Sharma a1st. aGuwahati:bAshis Prakash. a87p:c23cm. aAssamese literature aAsomiya sahitya aru sanskriti